| 000 | 00714cam a22002294a 4500 | ||
|---|---|---|---|
| 001 | 000018558 | ||
| 005 | 20200929165826.0 | ||
| 008 | 091005s2009 ilu 000 1 eng | ||
| 010 | _a2009039835 | ||
| 020 | _a9780897335942 (pbk.) | ||
| 040 |
_aDO-SdBNP _cDLC _dDLC |
||
| 043 | _an-us-hi | ||
| 082 |
_a813.52 _bB592c |
||
| 100 | 1 |
_aBiggers, Earl Derr, _d1884-1933. _940138 |
|
| 245 | 1 | 0 |
_aCharlie Chan carries on / _cEarl Derr Biggers. |
| 260 |
_aChicago, IL : _bAcademy Chicago Publishers, _c2009. |
||
| 300 |
_a334 p. ; _c21 cm. |
||
| 490 | 0 |
_aA Charlie Chan mystery ; _vno. 5 |
|
| 650 | 4 |
_aNovela estadounidense _9262 |
|
| 650 | 4 |
_aLiteratura estadounidense _9263 |
|
| 910 | _aCatalogación por derivada / LC | ||
| 999 |
_c18078 _d18078 |
||